[Event "Hasselbacken Open 2016"]
[Site "Stockholm SWE"]
[Date "2016.05.01"]
[Round "2.22"]
[White "Kaasen, Tor Fredrik"]
[Black "Donchenko, Alexander"]
[Result "1/2-1/2"]
[BlackTitle "GM"]
[WhiteElo "2177"]
[BlackElo "2573"]
[WhiteFideId "1516647"]
[BlackFideId "24603295"]
[EventDate "2016.04.30"]

1. e4 g6 2. d4 Bg7 3. Nc3 d6 4. Be3 a6 5. a4 Nf6 6. h3 Nbd7 7. g4 e5 8. Nge2 Rb8
9. Bg2 b5 10. axb5 axb5 11. g5 Ng8 12. d5 h6 13. h4 hxg5 14. hxg5 Rxh1+ 15. Bxh1
Nb6 16. b3 Bd7 17. Qd3 Ne7 18. Ra6 b4 19. Rxb6 cxb6 20. Nb5 Nc8 21. Qc4 Bf8 22.
Ned4 exd4 23. Nc7+ Ke7 24. Bxd4 Bg7 25. Bxg7 b5 26. Bf6+ Kf8 27. Nxb5 Bxb5 28.
Qxb5 Rxb5 29. Bxd8 Nb6 30. Bf3 Nd7 31. Bg4 Ke8 32. Bxd7+ Kxd7 33. Bf6 Rb8 1/2-1/2

[Event "Hasselbacken Open 2016"]
[Site "Stockholm SWE"]
[Date "2016.05.01"]
[Round "2.23"]
[White "Vorobiov, Evgeny E."]
[Black "Isetoft, Daniel"]
[Result "1-0"]
[WhiteTitle "GM"]
[WhiteElo "2572"]
[BlackElo "2173"]
[WhiteFideId "4121341"]
[BlackFideId "1708996"]
[EventDate "2016.04.30"]

1. Nf3 Nf6 2. g3 g6 3. Bg2 Bg7 4. c4 d6 5. d4 O-O 6. O-O Nc6 7. Nc3 a6 8. Bf4
Bf5 9. Rc1 Ne4 10. Nxe4 Bxe4 11. d5 Bxf3 12. Bxf3 Ne5 13. Bg2 c5 14. dxc6 Nxc6
15. Qd2 Qb6 16. b3 a5 17. Rb1 Qb4 18. Rfd1 Rfc8 19. Qc1 Qc3 20. Qxc3 Bxc3 21.
Be3 Bb4 22. Rd5 a4 23. Rb5 axb3 24. Rxb3 Bc5 25. Bxc5 dxc5 26. Rxc5 Nd4 27.
Rxc8+ Rxc8 28. Rb2 Rxc4 29. Bxb7 Kf8 30. Kg2 Ke8 31. a4 Kd8 32. a5 Rc2 33. Rxc2
Nxc2 34. a6 Kc7 35. Be4 1-0

[Event "Hasselbacken Open 2016"]
[Site "Stockholm SWE"]
[Date "2016.05.01"]
[Round "2.24"]
[White "Jogstad, Martin"]
[Black "Burmakin, Vladimir"]
[Result "0-1"]
[BlackTitle "GM"]
[WhiteElo "2176"]
[BlackElo "2554"]
[WhiteFideId "1715364"]
[BlackFideId "4105109"]
[EventDate "2016.04.30"]

1. c4 Nf6 2. Nc3 g6 3. e4 c5 4. g3 Nc6 5. Bg2 Bg7 6. Nge2 O-O 7. O-O Ne8 8. a3
Nc7 9. b4 cxb4 10. axb4 Nxb4 11. d4 d6 12. Be3 Nc6 13. Qd2 b6 14. Rfb1 Na5 15.
Qd3 e5 16. d5 Na6 17. Nb5 Nc5 18. Bxc5 dxc5 19. Rxa5 bxa5 20. Qa3 Bd7 21. Ra1
Bxb5 22. cxb5 a6 23. Nc3 axb5 24. Nxb5 Qb6 25. Bf1 c4 26. Bxc4 Rfc8 27. Qa2 Rab8
28. Bd3 Bf8 29. Rb1 Bb4 30. d6 Qc5 31. Qe2 Rc6 32. Rd1 Kg7 33. Nc7 Qxd6 34. Nd5
Rbc8 35. Kg2 Rc1 36. Rxc1 Rxc1 37. Bc2 Bc5 38. Bb3 Bd4 39. Qb5 Rb1 40. Qc4 Rb2
41. Nc7 Rxf2+ 42. Kh1 Qb4 43. Ne8+ Kf8 44. Qxb4+ axb4 45. Nd6 Rb2 46. Bxf7 Ke7 0-1

[Event "Hasselbacken Open 2016"]
[Site "Stockholm SWE"]
[Date "2016.05.01"]
[Round "2.25"]
[White "Van Foreest, Jorden"]
[Black "Adler, Bo"]
[Result "1-0"]
[WhiteTitle "GM"]
[WhiteElo "2551"]
[BlackElo "2162"]
[WhiteFideId "1039784"]
[BlackFideId "1702149"]
[EventDate "2016.04.30"]

1. e4 e5 2. Nf3 Nc6 3. Bb5 a6 4. Ba4 d6 5. O-O Bd7 6. d4 b5 7. Bb3 Nxd4 8. Nxd4
exd4 9. c3 dxc3 10. Qh5 g6 11. Qd5 Be6 12. Qc6+ Bd7 13. Qxc3 Nf6 14. Re1 Bg7 15.
e5 dxe5 16. Qxe5+ Kf8 17. Qc5+ Kg8 18. Nc3 Bf8 19. Qd4 h6 20. Be3 c5 21. Qf4 c4
22. Bc2 Bg7 23. Rad1 Qb8 24. Qd4 Kh7 25. Bxh6 Qxh2+ 26. Kxh2 Ng4+ 27. Kg3 Bxd4
28. Rxd4 1-0

[Event "Hasselbacken Open 2016"]
[Site "Stockholm SWE"]
[Date "2016.05.01"]
[Round "2.26"]
[White "Hedin, Gunnar"]
[Black "Tari, Aryan"]
[Result "0-1"]
[BlackTitle "IM"]
[WhiteElo "2172"]
[BlackElo "2549"]
[WhiteFideId "1712381"]
[BlackFideId "1510045"]
[EventDate "2016.04.30"]

1. b3 e5 2. Bb2 Nc6 3. e3 d5 4. Bb5 Bd6 5. f4 f6 6. Qh5+ g6 7. Qh4 exf4 8. exf4
Bd7 9. Ne2 Qe7 10. O-O O-O-O 11. Re1 Qf7 12. Nbc3 Nge7 13. Qf2 a6 14. Bxc6 Nxc6
15. Na4 Nb4 16. Rec1 Bxa4 17. bxa4 Rhe8 18. a3 Nc6 19. Kh1 Bc5 20. Qf3 d4 21.
Qd3 f5 22. Ng1 Re4 23. Rf1 Rde8 24. Qb3 Qd7 25. d3 Na5 26. Qa2 R4e7 27. Bc1 Qxa4
28. Bd2 Nc6 29. Qb3 Qxb3 30. cxb3 Bd6 31. b4 Kd7 32. Rf2 Ke6 33. Nf3 Kd5 34. Kg1
b5 35. Rc1 Ra8 36. Ne1 a5 37. Rb1 axb4 38. axb4 Nxb4 39. Rxb4 Bxb4 40. Bxb4 c5
41. Bd2 Ra1 42. Kf1 b4 43. Re2 Rxe2 44. Kxe2 b3 0-1

[Event "Hasselbacken Open 2016"]
[Site "Stockholm SWE"]
[Date "2016.05.01"]
[Round "2.27"]
[White "Steneskog, Per"]
[Black "Urkedal, Frode"]
[Result "0-1"]
[BlackTitle "IM"]
[WhiteElo "2166"]
[BlackElo "2549"]
[WhiteFideId "1704826"]
[BlackFideId "1506102"]
[EventDate "2016.04.30"]

1. d4 Nf6 2. c4 e6 3. Nc3 Bb4 4. f3 c5 5. d5 b5 6. e4 O-O 7. e5 Ne8 8. f4 d6 9.
Nf3 exd5 10. Qxd5 Qc7 11. cxb5 Bb7 12. Qd3 h6 13. Kf2 Bxc3 14. Qxc3 Nd7 15. Be3
Rc8 16. Rc1 d5 17. Be2 Qb6 18. b4 d4 19. Nxd4 cxd4 20. Qxd4 Qg6 21. g4 Bxh1 22.
Rxc8 Qe6 23. Rc1 Bb7 24. Qxa7 Qd5 25. Qd4 Qg2+ 26. Ke1 Nef6 27. exf6 Nxf6 28.
Rc7 Re8 29. Rc5 Nd5 30. Rxd5 Bxd5 31. a4 Bf3 32. Bxf3 Qxf3 33. Kd2 Qg2+ 34. Kd3
Rc8 35. Bf2 Qxg4 36. Kd2 Qf5 37. b6 Rc2+ 38. Kd1 Ra2 39. Qc4 Qb1+ 40. Qc1 Qd3+ 0-1

[Event "Hasselbacken Open 2016"]
[Site "Stockholm SWE"]
[Date "2016.05.01"]
[Round "2.28"]
[White "Greenfeld, Alon"]
[Black "Hansson, Fredrik"]
[Result "1-0"]
[WhiteTitle "GM"]
[WhiteElo "2541"]
[BlackElo "2160"]
[WhiteFideId "2800039"]
[BlackFideId "1713256"]
[EventDate "2016.04.30"]

1. Nf3 d5 2. g3 Nf6 3. Bg2 g6 4. d4 Bg7 5. c4 c6 6. Qb3 O-O 7. Nc3 Qb6 8. O-O
Bf5 9. Ne5 dxc4 10. Nxc4 Qxb3 11. axb3 Na6 12. e4 Be6 13. d5 cxd5 14. exd5 Bc8
15. d6 Nc5 16. dxe7 Re8 17. Nb6 Nxb3 18. Ra3 Nxc1 19. Nxa8 Nd3 20. Nc7 Rxe7 21.
N3d5 Rxc7 22. Nxc7 Nxb2 23. Rxa7 Bf8 24. Nd5 Ne8 25. Ra8 Nd6 26. Rc1 Be6 27. Nf4
Bf5 28. Bd5 b5 29. Rc7 Nbc4 30. Rb8 Ne5 31. h3 h5 32. Rd8 Kg7 33. Be6 Be4 34.
Bd5 Bf5 35. f3 Kg8 36. g4 hxg4 37. hxg4 Bb1 38. Re7 Nec4 39. Ne6 1-0

[Event "Hasselbacken Open 2016"]
[Site "Stockholm SWE"]
[Date "2016.05.01"]
[Round "2.29"]
[White "Pantzar, Milton"]
[Black "Libiszewski, Fabien"]
[Result "0-1"]
[BlackTitle "GM"]
[WhiteElo "2174"]
[BlackElo "2520"]
[WhiteFideId "1721003"]
[BlackFideId "616834"]
[EventDate "2016.04.30"]

1. d4 Nf6 2. c4 g6 3. Nc3 Bg7 4. e4 d6 5. f3 a6 6. Be3 c6 7. c5 O-O 8. Nge2 b5
9. cxd6 exd6 10. Nf4 Re8 11. Qd2 d5 12. e5 Nfd7 13. Rd1 f6 14. exf6 Qxf6 15. Kf2
Nb6 16. b3 b4 17. Nce2 a5 18. Nc1 N8d7 19. Be2 Bb7 20. Rhe1 Re7 21. Bf1 Rae8 22.
Nfd3 Qh4+ 23. Kg1 Rxe3 24. Rxe3 Bxd4 25. Re1 Qxe1 0-1

[Event "Hasselbacken Open 2016"]
[Site "Stockholm SWE"]
[Date "2016.05.01"]
[Round "2.30"]
[White "Vistisen, Lars"]
[Black "Blomqvist, Erik"]
[Result "0-1"]
[BlackTitle "GM"]
[WhiteElo "2160"]
[BlackElo "2515"]
[WhiteFideId "1404598"]
[BlackFideId "1709437"]
[EventDate "2016.04.30"]

1. e4 c5 2. Nf3 e6 3. c3 Nf6 4. e5 Nd5 5. d4 cxd4 6. cxd4 d6 7. Nbd2 Nc6 8. Bb5
Bd7 9. exd6 Bxd6 10. O-O Nf6 11. Nc4 Be7 12. Ba4 O-O 13. Bc2 Rc8 14. a3 Qc7 15.
b3 Rfd8 16. Bb2 Nd5 17. Rc1 Be8 18. Qd3 g6 19. Rfd1 Bf6 20. Qe4 Bg7 21. h4 Nce7
22. g3 Nf5 23. Qe1 Qe7 24. Be4 Rc7 25. Nce5 Bh6 26. Rxc7 Qxc7 27. g4 Nfe7 28. g5
Bg7 29. Nh2 h5 30. Qd2 Nf5 31. Bxf5 exf5 32. f4 Nxf4 33. Qxf4 Bxe5 34. Qf2 Bc6
35. Nf1 Qd7 36. Ne3 f4 37. Ng2 Qg4 38. Rd2 Bc7 39. Rd3 Re8 40. d5 Re2 41. dxc6
Rxf2 42. Kxf2 bxc6 43. Bd4 f3 44. Ne1 Bg3+ 0-1

[Event "Hasselbacken Open 2016"]
[Site "Stockholm SWE"]
[Date "2016.05.01"]
[Round "2.31"]
[White "Smith, Axel"]
[Black "Rorvik, Jon F."]
[Result "1-0"]
[WhiteTitle "IM"]
[WhiteElo "2503"]
[BlackElo "2158"]
[WhiteFideId "1707930"]
[BlackFideId "1501852"]
[EventDate "2016.04.30"]

1. c4 e5 2. Nc3 Nf6 3. Nf3 Nc6 4. e3 Be7 5. d4 exd4 6. Nxd4 O-O 7. Be2 Re8 8.
O-O d6 9. b3 Bd7 10. Bb2 Bf8 11. Rc1 Ne7 12. Bf3 Rb8 13. Qd2 Bg4 14. Nd5 Nexd5
15. cxd5 Bxf3 16. Nxf3 Ne4 17. Qd4 Qd7 18. Rfd1 c5 19. dxc6 bxc6 20. Nd2 Nxd2
21. Rxd2 Rec8 22. e4 Qe6 23. g3 c5 24. Qd5 Qg6 25. Rc4 Re8 26. Kg2 Rbc8 27. f4
Qe6 28. f5 Qd7 29. g4 Qc6 30. Kf3 Qa6 31. Bc3 Qa3 32. h4 Rc7 33. g5 Qa6 34. h5
Qb7 35. Qxb7 Rxb7 36. Ra4 Rc8 37. f6 Rd7 38. Ra6 Rcd8 39. Rd5 g6 40. h6 Kh8 41.
Ke3 Re8 42. Kd3 Rb7 43. Bd2 Kg8 44. Rc6 Ra8 45. Bf4 1-0

[Event "Hasselbacken Open 2016"]
[Site "Stockholm SWE"]
[Date "2016.05.01"]
[Round "2.32"]
[White "Vanheirzeele, Daniel"]
[Black "Kjartansson, Gudmundur"]
[Result "0-1"]
[BlackTitle "IM"]
[WhiteElo "2159"]
[BlackElo "2457"]
[WhiteFideId "200425"]
[BlackFideId "2301318"]
[EventDate "2016.04.30"]

1. d4 d6 2. Nf3 f5 3. Nc3 Nf6 4. Bg5 Nbd7 5. Qd3 g6 6. e4 Nb6 7. O-O-O fxe4 8.
Nxe4 Bf5 9. Nxf6+ exf6 10. Qe3+ Kf7 11. Qb3+ d5 12. Bh4 Qd7 13. Bd3 Bh6+ 14. Kb1
Rhe8 15. Rhe1 a5 16. a3 a4 17. Qc3 Bxd3 18. cxd3 Rxe1 19. Rxe1 Nc8 20. g4 g5 21.
Bg3 c6 22. h3 Bf8 23. Qc2 b5 24. Rc1 Ra6 25. Qd1 b4 26. axb4 Bxb4 27. Ka2 Bf8
28. h4 h6 29. hxg5 hxg5 30. Ne1 Bd6 31. Nc2 a3 32. Nxa3 Bxa3 33. bxa3 Qe7 34.
Rc3 Na7 35. Qh1 Kg7 36. Rb3 Nb5 0-1

[Event "Hasselbacken Open 2016"]
[Site "Stockholm SWE"]
[Date "2016.05.01"]
[Round "2.33"]
[White "Akesson, Ralf"]
[Black "Fieandt, John"]
[Result "1-0"]
[WhiteTitle "GM"]
[WhiteElo "2452"]
[BlackElo "2152"]
[WhiteFideId "1700120"]
[BlackFideId "501093"]
[EventDate "2016.04.30"]

1. Nf3 Nf6 2. c4 c5 3. Nc3 Nc6 4. d4 cxd4 5. Nxd4 g6 6. e4 d6 7. Be2 Bg7 8. Be3
Bd7 9. O-O O-O 10. Qd2 Nxd4 11. Bxd4 Bc6 12. f3 Nd7 13. Be3 a5 14. Rab1 a4 15.
Rfc1 Kh8 16. b4 axb3 17. axb3 f5 18. exf5 gxf5 19. b4 Ne5 20. b5 Bd7 21. Nd5 Be6
22. Bb6 Qd7 23. f4 Bxd5 24. cxd5 Ng4 25. Rc7 Qe8 26. Rxb7 Rb8 27. Rxb8 Qxb8 28.
Bd4 Nf6 29. Bf3 Qb7 30. Qe3 Ra8 31. Qe6 Rc8 32. Qxf5 Kg8 33. h3 Rc4 34. Bf2 Bh6
35. g3 Bg7 36. b6 Rc3 37. Bg2 Nd7 38. Kh2 Bf6 39. Ra1 Nxb6 40. Qe6+ 1-0

[Event "Hasselbacken Open 2016"]
[Site "Stockholm SWE"]
[Date "2016.05.01"]
[Round "2.34"]
[White "Isetoft, Bengt-Ola"]
[Black "Brunner, Nicolas"]
[Result "1/2-1/2"]
[BlackTitle "IM"]
[WhiteElo "2144"]
[BlackElo "2447"]
[WhiteFideId "1708970"]
[BlackFideId "620246"]
[EventDate "2016.04.30"]

1. d4 d5 2. Nf3 Nf6 3. Bf4 c5 4. e3 Nc6 5. c3 Qb6 6. Qc1 Bf5 7. dxc5 Qxc5 8.
Nbd2 Qb6 9. h3 h6 10. Be2 e6 11. O-O Be7 12. Nd4 Nxd4 13. exd4 O-O 14. Nf3 Nd7
15. Rd1 Rfc8 16. Bd3 Bxd3 17. Rxd3 Qa6 18. Qd1 b5 19. Ne5 Nxe5 20. Bxe5 Bd6 21.
f4 Be7 22. Qh5 f6 23. Rg3 fxe5 24. Qxh6 Bf8 25. fxe5 Rc7 26. Rf1 Rf7 27. Rxf7
Kxf7 28. Rf3+ Ke7 29. Qg5+ Kd7 30. Rf7+ Kc6 31. Qg6 Qc8 32. a4 a6 33. a5 Qe8 34.
Qh5 Be7 35. Qg6 Bf8 36. Qh5 Be7 37. Qg6 1/2-1/2

[Event "Hasselbacken Open 2016"]
[Site "Stockholm SWE"]
[Date "2016.05.01"]
[Round "2.35"]
[White "Anurag, Mhamal"]
[Black "Aroven, Mikael"]
[Result "1-0"]
[WhiteTitle "IM"]
[WhiteElo "2421"]
[BlackElo "2150"]
[WhiteFideId "5024366"]
[BlackFideId "1709534"]
[EventDate "2016.04.30"]

1. d4 g6 2. e4 Bg7 3. Nc3 d6 4. Be3 c6 5. f3 b5 6. Qd2 h5 7. Nge2 Nf6 8. g3 Nbd7
9. Bg2 Qc7 10. O-O Nb6 11. b3 h4 12. g4 h3 13. Bh1 b4 14. Nd1 c5 15. Nf2 Ba6 16.
dxc5 dxc5 17. Rad1 Rc8 18. Rfe1 e5 19. c3 c4 20. cxb4 cxb3 21. axb3 O-O 22. Rc1
Qb8 23. Nc3 Rfd8 24. Qa2 Bb7 25. Nb5 Rxc1 26. Rxc1 Rc8 27. Rxc8+ Nxc8 28. Nxa7
Bf8 29. Nxh3 Bxb4 30. Bg2 Qd6 31. Nf2 Nd7 32. Nxc8 Bxc8 33. Bf1 Nf8 34. Nd3 Bc3
35. Qc2 Bd4 36. Bxd4 Qxd4+ 37. Qf2 Qa1 38. b4 Ne6 39. b5 f6 40. Qb2 Qd1 41. Qc1
Qxc1 42. Nxc1 Nd4 43. Kf2 Kf8 44. Bc4 Ke7 45. Nb3 Nxb3 46. Bxb3 g5 47. b6 Kd6
48. Bd5 Ba6 49. Kg3 Be2 50. h4 gxh4+ 51. Kxh4 Bxf3 52. g5 1-0

[Event "Hasselbacken Open 2016"]
[Site "Stockholm SWE"]
[Date "2016.05.01"]
[Round "2.36"]
[White "Marttala, Thomas"]
[Black "Almasi, Istvan"]
[Result "1/2-1/2"]
[BlackTitle "IM"]
[WhiteElo "2149"]
[BlackElo "2420"]
[WhiteFideId "1701118"]
[BlackFideId "701742"]
[EventDate "2016.04.30"]

1. e4 c5 2. Nc3 a6 3. g3 b5 4. Bg2 Bb7 5. Nge2 Nf6 6. Nd5 e6 7. Nxf6+ gxf6 8.
O-O d5 9. d3 dxe4 10. dxe4 Nd7 11. Nf4 Ne5 12. Nh5 Qxd1 13. Rxd1 Nd7 14. Be3
O-O-O 15. Rd2 Be7 16. Rad1 Rhg8 17. Nf4 c4 18. c3 Nc5 19. Rxd8+ Rxd8 20. Rxd8+
Kxd8 21. f3 Na4 22. Bc1 Bc5+ 23. Kf1 a5 24. Ke1 b4 25. Bf1 bxc3 26. bxc3 Ba6 27.
Kd2 Bg1 28. h3 Bc5 29. Kc2 Nb6 30. Ng2 Nd7 31. Ne3 Nb6 32. Bd2 Ke7 33. Be2 Bd6
34. g4 Kd7 35. Nf1 Kc6 36. Be3 Bc5 37. Bd4 Bxd4 38. cxd4 Kb5 39. Nd2 Kb4 40. Nb1
h6 41. a3+ Kb5 1/2-1/2

[Event "Hasselbacken Open 2016"]
[Site "Stockholm SWE"]
[Date "2016.05.01"]
[Round "2.37"]
[White "Christiansen, Johan-Sebastian"]
[Black "Wengholm, Anders"]
[Result "1-0"]
[WhiteTitle "IM"]
[WhiteElo "2410"]
[BlackElo "2146"]
[WhiteFideId "1512668"]
[BlackFideId "1704818"]
[EventDate "2016.04.30"]

1. c4 g6 2. g3 Bg7 3. Bg2 Nf6 4. Nf3 O-O 5. O-O d6 6. d4 Nbd7 7. Nc3 e5 8. b3
Re8 9. e4 c6 10. Re1 exd4 11. Nxd4 Ng4 12. Bb2 Nc5 13. Re2 Qf6 14. Nf3 Ne5 15.
Nxe5 dxe5 16. Rd2 Ne6 17. Na4 Qe7 18. c5 Qc7 19. Rd6 b5 20. cxb6 axb6 21. Rd2 b5
22. Nc3 Bh6 23. Rd6 Bf8 24. Rd3 Ba6 25. Rd7 Qb6 26. Qf3 Be7 27. Rxe7 Rxe7 28.
Qf6 Ree8 29. Nd5 Qd8 30. Qxe5 f6 31. Nxf6+ Kf7 32. Nxe8 1-0

[Event "Hasselbacken Open 2016"]
[Site "Stockholm SWE"]
[Date "2016.05.01"]
[Round "2.38"]
[White "Stark, Lars"]
[Black "Wecker, Martin"]
[Result "1/2-1/2"]
[WhiteTitle "IM"]
[WhiteElo "2409"]
[BlackElo "2144"]
[WhiteFideId "4676386"]
[BlackFideId "12931462"]
[EventDate "2016.04.30"]

1. c4 c5 2. g3 e6 3. Bg2 d5 4. cxd5 exd5 5. d4 Nc6 6. Nf3 Nf6 7. O-O Be7 8. dxc5
Bxc5 9. a3 Ne4 10. b4 Be7 11. Bb2 Bf6 12. Nd4 O-O 13. e3 a5 14. b5 Qb6 15. Nxc6
bxc6 16. Bxf6 Nxf6 17. bxc6 Ba6 18. Re1 Qxc6 19. Qd4 Rac8 20. Nd2 Qc3 21. Nf3
Qc2 22. Qf4 Bd3 23. Nd4 Qb2 24. g4 Rc3 25. g5 Ne4 26. Nf5 Rxa3 27. Rxa3 Qxa3 28.
Qe5 Qc3 29. Ne7+ Kh8 30. Qxc3 Nxc3 31. Nxd5 Ne2+ 32. Kh1 Rb8 33. Bf3 Rb1 34.
Rxb1 Bxb1 35. Kg2 Ba2 36. Kf1 Bxd5 37. Bxd5 Nc3 38. Bxf7 a4 39. f4 a3 40. Kf2 a2
41. Bxa2 Nxa2 42. e4 Kg8 43. Ke3 Kf7 44. f5 Nb4 45. h4 Nc6 46. Kf4 Ke7 47. e5 g6
48. fxg6 hxg6 49. h5 gxh5 50. g6 Ke6 1/2-1/2

[Event "Hasselbacken Open 2016"]
[Site "Stockholm SWE"]
[Date "2016.05.01"]
[Round "2.39"]
[White "Uzumcu, Ahmet Utku"]
[Black "Lindberg, Bo 1984"]
[Result "0-1"]
[WhiteTitle "CM"]
[BlackTitle "FM"]
[WhiteElo "2145"]
[BlackElo "2397"]
[WhiteFideId "6372937"]
[BlackFideId "1705997"]
[EventDate "2016.04.30"]

1. e4 e5 2. Nf3 Nc6 3. Bb5 a6 4. Ba4 Nf6 5. O-O Be7 6. Re1 b5 7. Bb3 d6 8. c3
O-O 9. h3 Na5 10. Bc2 c5 11. d4 Qc7 12. d5 Nc4 13. Nbd2 Nxd2 14. Bxd2 Bd7 15.
Nh2 c4 16. Kh1 g6 17. Qf3 Nh5 18. Ng4 Qd8 19. Nh6+ Kg7 20. Nf5+ Bxf5 21. exf5
Bg5 22. Be3 Bxe3 23. fxe3 Qh4 24. Kh2 Nf6 25. g3 Qg5 26. Rad1 h5 27. Rf1 Rab8
28. b3 cxb3 29. Bxb3 Rbc8 30. Rc1 Rc5 31. c4 Rfc8 32. fxg6 fxg6 33. Qe2 Nxd5 34.
Qf3 bxc4 35. Qf7+ Kh6 36. Bc2 Nxe3 37. Bxg6 R5c7 38. Qe6 Qe7 39. Rf6 Qxe6 40.
Rxe6 d5 41. Bb1+ Kg7 42. Rxe5 d4 43. Re4 Rd8 44. Re6 Kf7 45. Re4 Re7 46. Rxe7+
Kxe7 47. Kg1 Rf8 48. Bg6 Rg8 49. Bxh5 Rxg3+ 50. Kf2 Rxh3 51. Be2 d3 52. Bd1 d2
53. Ra1 Nxd1+ 54. Ke2 c3 55. Rb1 Nb2 0-1

[Event "Hasselbacken Open 2016"]
[Site "Stockholm SWE"]
[Date "2016.05.01"]
[Round "2.40"]
[White "Krupenski, Juri"]
[Black "Palmblad, Jan Peter"]
[Result "1-0"]
[WhiteTitle "FM"]
[WhiteElo "2395"]
[BlackElo "2141"]
[WhiteFideId "4501101"]
[BlackFideId "1705512"]
[EventDate "2016.04.30"]

1. e4 c5 2. Nf3 Nc6 3. Bb5 g6 4. O-O Bg7 5. Re1 Nf6 6. e5 Nd5 7. Nc3 Nc7 8. Bxc6
dxc6 9. Ne4 Ne6 10. d3 Qc7 11. Ned2 O-O 12. b3 b6 13. Bb2 a5 14. a4 Nf4 15. Nc4
Nd5 16. Ng5 h6 17. Ne4 b5 18. Ncd2 Bxe5 19. Bxe5 Qxe5 20. Nxc5 Qd4 21. Nce4 f5
22. Nf3 Qg7 23. Nc5 b4 24. d4 Qf6 25. Qd2 Kg7 26. Re5 Ra7 27. Rae1 Rc7 28. Re6
Qf7 29. Ne5 Bxe6 30. Nxf7 Bxf7 31. h4 Nf6 32. Qf4 Ra7 33. Ne6+ Bxe6 34. Rxe6 Rd8
35. Qe5 Kf7 36. Rxc6 Rad7 37. Rc7 Rxc7 38. Qxc7 Rxd4 39. Qxa5 Rd1+ 40. Kh2 f4
41. f3 Nd5 42. Qb5 g5 43. hxg5 hxg5 44. a5 e5 45. a6 Ne3 46. a7 g4 47. fxg4
Nxg4+ 48. Kh3 Nf2+ 49. Kh4 Kf6 50. Qc6+ Kf5 51. g4+ 1-0

[Event "Hasselbacken Open 2016"]
[Site "Stockholm SWE"]
[Date "2016.05.01"]
[Round "2.41"]
[White "Fehr, Axel"]
[Black "Sagit, Rauan"]
[Result "1/2-1/2"]
[BlackTitle "FM"]
[WhiteElo "2143"]
[BlackElo "2389"]
[WhiteFideId "4675185"]
[BlackFideId "1708376"]
[EventDate "2016.04.30"]

1. Nf3 d6 2. c4 f5 3. Nc3 Nf6 4. g3 g6 5. Bg2 Bg7 6. O-O O-O 7. d3 e5 8. b4 Kh8
9. Rb1 a6 10. a4 Qe8 11. b5 axb5 12. axb5 Nbd7 13. Ne1 e4 14. Bb2 e3 15. f4 Nc5
16. Nd5 Nxd5 17. Bxg7+ Kxg7 18. Bxd5 Ra2 19. Nc2 Na4 20. Rb3 Nc5 21. Ra3 Rxa3
22. Nxa3 c6 23. bxc6 bxc6 24. Bg2 Bd7 25. Qa1+ Rf6 26. Nc2 Kf7 27. Qa7 Qe7 28.
Rb1 Be8 29. Qxe7+ Kxe7 30. Nxe3 Re6 31. Kf2 Kd8 32. Nc2 Re7 33. Nd4 Kc7 34. Ra1
Kb6 35. Ra8 Bd7 36. h3 Re8 37. Ra2 h6 38. Ra1 Nb7 39. Bf3 Nd8 40. Rb1+ Kc7 41.
g4 Rf8 42. Kg3 g5 43. e3 Re8 44. Kf2 Rf8 45. Nxf5 Bxf5 46. gxf5 Rxf5 47. Kg3 Ra5
48. fxg5 hxg5 49. Kg4 Nf7 50. d4 Nh6+ 51. Kh5 Nf5 52. Rb3 Ng3+ 53. Kg6 Nf5 54.
Bg4 Ng3 55. Be6 Ne4 56. Rb2 Ra3 57. Re2 Ng3 58. Re1 Ne4 59. Kf5 Nd2 60. Re2 Ra5+
61. d5 Nxc4 62. Kxg5 cxd5 63. Kf6 Ra3 64. e4 dxe4 65. Rxe4 Rf3+ 66. Ke7 Ne5 67.
Bg4 Rf2 68. Ke6 Nd3 69. Rc4+ Nc5+ 70. Ke7 Kc6 71. h4 Kd5 72. Rb4 Ke5 73. h5 d5
74. h6 Rh2 75. Rb6 d4 76. Kf7 Ne4 77. Kg6 d3 78. h7 Rxh7 1/2-1/2

[Event "Hasselbacken Open 2016"]
[Site "Stockholm SWE"]
[Date "2016.05.01"]
[Round "2.42"]
[White "Ozen, Deniz"]
[Black "Forsberg, Viktor"]
[Result "0-1"]
[WhiteTitle "FM"]
[BlackTitle "FM"]
[WhiteElo "2139"]
[BlackElo "2370"]
[WhiteFideId "6349196"]
[BlackFideId "1707914"]
[EventDate "2016.04.30"]

1. e4 e5 2. Nf3 Nc6 3. Bb5 a6 4. Ba4 Nf6 5. O-O Be7 6. Re1 b5 7. Bb3 d6 8. c3
O-O 9. h3 Nb8 10. d4 Nbd7 11. Nbd2 Bb7 12. Bc2 Re8 13. Nf1 Bf8 14. Ng3 g6 15.
Bg5 h6 16. Bd2 exd4 17. cxd4 c5 18. d5 a5 19. Qc1 Kh7 20. Nh4 Nxd5 21. Nhf5 Nb4
22. Bb1 gxf5 23. a3 Nc6 24. Nxf5 Re5 25. f4 Rxf5 26. exf5 Nf6 27. Be3 Nd4 28.
Bxd4 cxd4 29. Qd2 Qb6 30. Bd3 d5 31. Qf2 Ne4 32. Qh4 b4 33. Qg4 Qf6 34. Rac1 Bd6
35. Qf3 Qxf5 36. Re2 Rg8 37. Rf1 Qe6 38. Qf2 Qf6 39. Qf3 Kh8 40. g4 Qh4 41. Kg2
f5 0-1

[Event "Hasselbacken Open 2016"]
[Site "Stockholm SWE"]
[Date "2016.05.01"]
[Round "2.43"]
[White "Aguera Naredo, Javier"]
[Black "Tolonen, Mikko"]
[Result "1-0"]
[WhiteTitle "FM"]
[WhiteElo "2369"]
[BlackElo "2131"]
[WhiteFideId "2204169"]
[BlackFideId "502677"]
[EventDate "2016.04.30"]

1. e4 e6 2. d4 d5 3. Nd2 Nc6 4. Ngf3 Nf6 5. e5 Nd7 6. Be2 f6 7. exf6 Qxf6 8. Nf1
Bd6 9. Ne3 O-O 10. O-O Qg6 11. g3 Nf6 12. Nh4 Qe8 13. f4 Ne7 14. Nf3 c5 15. c3
Bd7 16. Re1 Rc8 17. Bd3 Qh5 18. Ne5 Bxe5 19. dxe5 Qxd1 20. Rxd1 Ne8 21. Nc2 Nc7
22. Be3 b6 23. a4 h6 24. b4 Na8 25. bxc5 bxc5 26. Ba6 Rc7 27. a5 Bc8 28. Be2 Bd7
29. Rdb1 Nf5 30. Bf2 Ne7 31. Rb2 Kf7 32. Rab1 Ba4 33. Na3 c4 34. Rb4 Bc6 35. Rb8
Rxb8 36. Rxb8 a6 37. g4 Rc8 38. Rb2 g6 39. Be3 Rg8 40. Nc2 Rc8 41. Nd4 Bd7 42.
Bf3 Nc6 43. Rb7 Rc7 44. Nxc6 Bxc6 45. Rb8 Rb7 46. Rc8 Rc7 47. Rd8 Rd7 48. Rxd7+
Bxd7 49. f5 Nc7 50. f6 Nb5 51. Bd2 d4 52. cxd4 Nxd4 53. Bd1 Nc6 54. Bc3 Na7 55.
Kf2 Nb5 56. Bd2 g5 57. Ke3 Bc6 58. Bb4 Bd5 59. Ba4 Bc6 60. Bd1 Bd5 61. Be2 Ke8
62. Bd1 Kf7 63. h4 gxh4 64. g5 1-0